Digital mapping in the utilities (Record no. 2666)

MARC details
000 -LEADER
fixed length control field 00876cab a2200229 4500
001 - CONTROL NUMBER
control field ABS37434
008 - FIXED-LENGTH DATA ELEMENTS--GENERAL INFORMATION
fixed length control field 090401t1987 xxu||||| |||| 00| 0 eng d
035 ## - SYSTEM CONTROL NUMBER
System control number (Sirsi) u4435
041 ## - LANGUAGE CODE
Language code of text/sound track or separate title eng
100 ## - MAIN ENTRY--PERSONAL NAME
Personal name Walker, R.
245 ## - TITLE STATEMENT
Title Digital mapping in the utilities
260 ## - PUBLICATION, DISTRIBUTION, ETC.
Date of publication, distribution, etc. 1987
350 ## - PRICE (NR) (BK AM CF MU VM SE) [OBSOLETE]
Price 0
490 ## - SERIES STATEMENT
Series statement Bulletin
Volume/sequential designation - National Joint Utilities Group (6) January 1987,
520 ## - SUMMARY, ETC.
Summary, etc. In the light of trials carried out by the National Joint Utilities Group on digital mapping systems, this article describes how this technique can overcome the traditional problems of maintaining and updating maps, mains and plant records and provide information in the format that is required and in the most effective manner.
650 ## - SUBJECT ADDED ENTRY--TOPICAL TERM
Topical term or geographic name entry element COMPUTERS
650 ## - SUBJECT ADDED ENTRY--TOPICAL TERM
Topical term or geographic name entry element MAPPING
690 ## - LOCAL SUBJECT ADDED ENTRY--TOPICAL TERM (OCLC, RLIN)
Topical term or geographic name as entry element PRACTICE AND TECHNIQUES
700 ## - ADDED ENTRY--PERSONAL NAME
Personal name Mahoney, R.
942 ## - ADDED ENTRY ELEMENTS (KOHA)
Suppress in OPAC 0
948 ## - LOCAL PROCESSING INFORMATION (OCLC); SERIES PART DESIGNATOR (RLIN)
c (OCLC) 04/03/1997
Holdings
Withdrawn status Lost status Source of classification or shelving scheme Damaged status Not for loan Home library Current library Shelving location Date acquired Total Checkouts Full call number Barcode Date last seen Copy number Price effective from Koha item type
    Dewey Decimal Classification     London London Journal article 14/09/1999   ABS37434 4435-1001 06/08/2019 1 06/08/2019 Journal article